|
|
|
|
| LEADER |
00000cam a2200000 4500 |
| 001 |
vtls012265696 |
| 003 |
SK-MaSNL |
| 005 |
20260301232047.0 |
| 008 |
241021s2024 xo ho g n 010 0 eng |
| 015 |
|
|
|a SNBA2024/11
|
| 020 |
|
|
|a 9788097486600
|q (viazané)
|
| 040 |
|
|
|a SNK
|b slo
|c SNK
|e rda
|
| 041 |
1 |
|
|a eng
|h slo
|
| 044 |
|
|
|a xo
|c SK
|
| 072 |
|
7 |
|a 636
|x Chov zvierat. Živočíšna výroba
|2 konspekt
|
| 080 |
|
|
|a 636.7
|2 2011
|
| 080 |
|
|
|a 636.05
|2 2011
|
| 080 |
|
|
|a 636.08
|2 2011
|
| 080 |
|
|
|a (048.8)
|2 2011
|
| 100 |
1 |
|
|a Nevolný, Peter,
|d 1951-
|4 aut
|4 edt
|9 158345
|
| 245 |
1 |
2 |
|a A history of the Czechoslovakian vlciak breed
|c Peter Nevolný ; translated by Marcela Watts
|
| 264 |
|
1 |
|a [Bratislava]
|b Czechoslovakian Vlciak Club UK
|c 2024
|
| 300 |
|
|
|a 182 strán
|b faksimile, fotografie
|c 29 cm
|
| 336 |
|
|
|a text
|b txt
|2 rdacontent
|
| 337 |
|
|
|a bez média
|b n
|2 rdamedia
|
| 338 |
|
|
|a zväzok
|b nc
|2 rdacarrier
|
| 500 |
|
|
|a Miesto vydania podľa NA ISBN
|
| 500 |
|
|
|a Obsahuje biografické údaje o autorovi
|
| 500 |
|
|
|a Preložené zo slovenčiny
|
| 500 |
|
|
|a Obsahuje poznámky pod čiarou
|
| 504 |
|
|
|a Obsahuje bibliografiu na strane 182 a bibliografické odkazy
|
| 650 |
0 |
7 |
|a československý vlčiak
|2 SNKPH
|9 121456
|
| 650 |
0 |
7 |
|a Czechoslovakian wolfdog
|2 SNKPHeng
|9 557567
|
| 650 |
0 |
7 |
|a plemená zvierat
|2 SNKPH
|9 4381
|
| 650 |
0 |
7 |
|a chov zvierat
|2 SNKPH
|9 2803
|
| 650 |
0 |
7 |
|a Animal husbandry
|2 SNKPHeng
|9 266563
|
| 650 |
0 |
7 |
|a Animal breeds
|2 SNKPHeng
|9 328012
|
| 655 |
|
7 |
|a monografie
|2 SNKPH
|9 70139
|
| 655 |
|
7 |
|a Monographs
|2 SNKPHeng
|9 120675
|
| 700 |
1 |
|
|a Watts, Marcela
|4 trl
|9 625127
|
| 852 |
|
|
|a Slovenská národná knižnica
|
| 919 |
|
|
|a 978-80-974866-0-0
|
| 954 |
|
|
|a odborná, vedecká literatúra pôvodná (slovenská)
|2 lita
|
| 958 |
|
|
|a NB
|
| 958 |
|
|
|a OP
|
| 999 |
|
|
|c 960280
|d 962210
|
| 952 |
|
|
|a SNK
|b SNK
|y PREZ
|7 0
|p 17A1553934
|o snkSB 100866
|i snk2024/16136
|8 0
|0 0
|1 0
|4 0
|d 2024-10-21
|f 1
|l 0
|r 2025-05-19 00:00:00
|w 2026-02-24
|
| 952 |
|
|
|a SNK
|b SNK
|y VYP
|7 0
|p 17A1553935
|o snkSB 100866 D1
|i snk2024/16138
|8 0
|0 0
|1 0
|4 0
|d 2024-10-21
|l 0
|r 2026-02-24 10:16:55
|w 2026-02-24
|